00640nam a22001692 4500001001100000005001700011008004100028020002700069040001500096245012700111260003400238300001800272650005300290650006400343700003100407700003200438000000922220151217152051.0080912s xx 000 0 eng d a0521002664 :cKES 2500 aKABUcKABU10aPerpetual contact :bmobile communication, private talk, public performance /cedited by James E. Katz and Mark A. Aakhus. aCambridge :bC. U. P.,c2002. axxiv, 391 p. 0aCellular telephonesxSocial aspects.@0000160317 0aWireless communication systemsxSocial aspects.@00001603181 aKatz, James E.@00001603191 aAakhus, Mark A.@0000160320